Shopping Centre Report (Record no. 91730)

MARC details
000 -LEADER
fixed length control field 01064cam a2200241 4500
001 - CONTROL NUMBER
control field B1617
008 - FIXED-LENGTH DATA ELEMENTS--GENERAL INFORMATION
fixed length control field 090401t1983 xxu||||| |||| 00| 0 eng d
035 ## - SYSTEM CONTROL NUMBER
System control number (Sirsi) u45466
041 ## - LANGUAGE CODE
Language code of text/sound track or separate title eng
050 ## - LIBRARY OF CONGRESS CALL NUMBER
Classification number 333.337
110 ## - MAIN ENTRY--CORPORATE NAME
Corporate name or jurisdiction name as entry element Fitch and Company Shopping Centre Consortium
9 (RLIN) 2323
245 ## - TITLE STATEMENT
Title Shopping Centre Report
260 ## - PUBLICATION, DISTRIBUTION, ETC.
Place of publication, distribution, etc. London
Name of publisher, distributor, etc. Fitch and Company
Date of publication, distribution, etc. 1983-1988
300 ## - PHYSICAL DESCRIPTION
Extent (4)p. : ill. ; 30cm.
350 ## - PRICE (NR) (BK AM CF MU VM SE) [OBSOLETE]
Price 0
490 ## - SERIES STATEMENT
Series statement Shopping Centre Report
520 ## - SUMMARY, ETC.
Summary, etc. In series: <br/>1. SEPTEMBER/OCTOBER 1983 The unlet shop<br/>2, NOVEMBER/DECEMBER 1983 Food Courts;<br/>3. FEBRUARY/MARCH 1984 Creative Market Planning;<br/>4. APRIL/MAY 1984 Branding a shopping centre;<br/>5. AUTUMN 1984 Cars, drives and parking ;<br/>6. WINTER 1984/85 Seven day trading;<br/>7. SPRING 1985 Added Retail Value;<br/>8. AUTUMN 1985 Women;<br/>9. SPRING 1986 Enlivenment;<br/>10. SPRING 1987 Age;<br/>11. SPRING/SUMMER 1988 Urban Retailing and Inner City Regeneration
650 ## - SUBJECT ADDED ENTRY--TOPICAL TERM
Topical term or geographic name entry element FOOD COURTS
650 ## - SUBJECT ADDED ENTRY--TOPICAL TERM
Topical term or geographic name entry element RETAIL PROPERTY
650 ## - SUBJECT ADDED ENTRY--TOPICAL TERM
Topical term or geographic name entry element SHOPPING CENTRES
942 ## - ADDED ENTRY ELEMENTS (KOHA)
Suppress in OPAC 0
Source of classification or shelving scheme Dewey Decimal Classification
948 ## - LOCAL PROCESSING INFORMATION (OCLC); SERIES PART DESIGNATOR (RLIN)
c (OCLC) 04/03/1997
Holdings
Withdrawn status Lost status Source of classification or shelving scheme Damaged status Not for loan Home library Current library Shelving location Date acquired Total Checkouts Full call number Barcode Date last seen Copy number Price effective from Koha item type
    Dewey Decimal Classification     London London Property market reports 14/09/1999   PROPERTY MARKET 30001205 06/08/2019 1 06/08/2019 Book